000 01496nam0a2200373 4500
001 RU\NLR\bibl\510851
005 20250609142610.0
010 _a5-98230-003-9
_93000
021 _aRU
_b2004-11017
_9567
035 _a(NLR Aleph) 000503352
090 _a1187429
_c1187429
100 _a20040413d2003 |||y0rusy50 ca
101 0 _arus
102 _aRU
105 _aa |||||||||
200 1 _aКардиомиопатии у детей и подростков
_fО.А. Мутафьян
210 _aСПб.
_cДиалект
_a[М.]
_cBINPM publ.
_d2003
215 _a271 с.
_cил.
_d20
225 1 _aПрофессиональная медицинская и учебная литература
300 _aНа 4-й с. обл. авт.: О.А. Мутафьян д.м.н, проф.
320 _aБиблиогр.: с. 258-271
606 0 _aКардиомиопатии детей
_92127264
_3RU\NLR\auth\661283868
606 0 _aКардиомиопатии у подростков
_92333124
_3RU\NLR\auth\661395059
606 0 _aКардиомиопатии подростков
_92333118
_3RU\NLR\auth\661395057
606 0 _aКардиомиопатии у детей
_92012435
_3RU\NLR\auth\66925514
686 _aР733.410.130.42
700 1 _aМутафьян
_bО. А.
_gОлег Амаякович
_4070
801 0 _aRU
_bNLR
_c20040413
_gPSBO
801 1 _aRU
_bNLR
_c20040413
830 _aАвт. по кн.
942 _cBOOK
980 _aNB